Medical surgical nursing assessment and management of clinical problems (Record no. 2577)

MARC details
000 -LEADER
fixed length control field 00400nam a22001457a 4500
008 - FIXED-LENGTH DATA ELEMENTS--GENERAL INFORMATION
fixed length control field 250321b |||||||| |||| 00| 0 eng d
020 ## - INTERNATIONAL STANDARD BOOK NUMBER
ISBN 9781556644306
245 ## - TITLE STATEMENT
Title Medical surgical nursing assessment and management of clinical problems
250 ## - EDITION STATEMENT
Edition statement 5th
260 ## - PUBLICATION, DISTRIBUTION, ETC. (IMPRINT)
Place of publication U.S.A
Name of publisher Mosby
Date of publication 2000
300 ## - COLLATION
Pagination xiii,1998p
650 ## - TRACINGS
Main Subject Nursing care
Subdivision (1st) Nursing assesment
942 ## - ADDED ENTRY ELEMENTS (KOHA)
Item type Books
050 ## - LIBRARY OF CONGRESS CALL NUMBER
Classification number RT41
Item number .M48
Holdings
Source of classification or shelving scheme Not for loan Permanent location Current location Date acquired Accession No. Full call number Barcode. Koha item type
Library of Congress Classification   Medical Library Medical Library 03/21/2025 2011/1840 RT41.M48 2025-0859 Books